[Event "Montreal Mercredi 01"]
[Site "Montreal CAN"]
[Date "2009.01.21"]
[Round "3"]
[White "Vassileva, Svetla"]
[Black "Turcotte, Jonathan"]
[Result "0-1"]
[WhiteElo "1773"]
[BlackElo "1743"]
[PlyCount "82"]
[GameId "2160767910281722"]
[EventDate "2009.01.07"]
[EventType "tourn"]
[EventRounds "5"]
[EventCountry "CAN"]
[SourceTitle "EXT 2011"]
[Source "ChessBase"]
[SourceDate "2011.11.26"]
[SourceVersion "1"]
[SourceVersionDate "2011.11.26"]
[SourceQuality "1"]

1. e4 d6 2. d4 Nf6 3. Nc3 g6 4. Nf3 c6 5. Be2 Bg7 6. O-O O-O 7. h3 Nbd7 8. Bg5 Qc7 9. Qd3 e5 10. d5 Nc5 11. Qe3 cxd5 12. Bxf6 d4 13. Nd5 dxe3 14. Nxc7 exf2+ 15. Rxf2 Bxf6 16. Nd2 Bd8 17. Nxa8 b6 18. Bc4 Be6 19. Bxe6 Nxe6 20. Nc4 Bg5 21. Naxb6 axb6 22. Kf1 Nc5 23. Nxd6 Be7 24. b4 Bxd6 25. bxc5 Bxc5 26. Rf6 Ra8 27. c3 Ra4 28. Rc6 Rxe4 29. a4 Rf4+ 30. Ke1 Rc4 31. Rxc5 Rxc5 32. Kd2 f5 33. Kd3 Kf7 34. Rb1 Rc6 35. Rb5 Ke6 36. c4 Kd6 37. Rb2 Kc7 38. Rb5 Rc5 39. Rxc5+ bxc5 40. g4 Kb6 41. Ke3 Ka5 0-1

[Event "Montreal Mercredi 01"]
[Site "Montreal CAN"]
[Date "2009.01.28"]
[Round "4"]
[White "Gauthier, Luc"]
[Black "Cote, Philippe"]
[Result "0-1"]
[WhiteElo "1631"]
[BlackElo "1668"]
[PlyCount "98"]
[GameId "2160767910281723"]
[EventDate "2009.01.07"]
[EventType "tourn"]
[EventRounds "5"]
[EventCountry "CAN"]
[SourceTitle "EXT 2011"]
[Source "ChessBase"]
[SourceDate "2011.11.26"]
[SourceVersion "1"]
[SourceVersionDate "2011.11.26"]
[SourceQuality "1"]

1. e4 d6 2. d4 Nf6 3. Nc3 g6 4. Be3 c6 5. Qd2 b5 6. f3 Nbd7 7. Nge2 Nb6 8. Ng3 h5 9. h4 Bg7 10. b3 Qc7 11. Bd3 a6 12. Nce2 Bb7 13. Rc1 c5 14. c4 b4 15. d5 a5 16. f4 Ng4 17. f5 Nxe3 18. Qxe3 Bh6 19. Nf4 Bxf4 20. Qxf4 Nd7 21. fxg6 fxg6 22. O-O Ne5 23. Rcd1 Bc8 24. Qg5 Bd7 25. Be2 a4 26. Ra1 a3 27. Nxh5 O-O-O 28. Nf4 Rdg8 29. g3 Qd8 30. Nd3 Nxd3 31. Bxd3 Rh5 32. Qf4 g5 33. Qf7 Rgh8 34. e5 gxh4 35. exd6 exd6 36. Qf4 hxg3 37. Be4 Rh4 38. Qxd6 Rxe4 39. Qxc5+ Qc7 40. Rf8+ Re8 41. Rxh8 Rxh8 42. Qxb4 g2 43. Re1 Rh1+ 44. Kxg2 Rxe1 45. Qxe1 Qf4 46. Qa5 Qe4+ 47. Kg3 Qe3+ 48. Kh4 Qf4+ 49. Kh5 Be8# 0-1

[Event "Montreal Mercredi 01"]
[Site "Montreal CAN"]
[Date "2009.01.28"]
[Round "4"]
[White "Giroux, Robert"]
[Black "Levkovsky, Alexandre"]
[Result "1-0"]
[WhiteElo "1956"]
[BlackElo "2094"]
[PlyCount "99"]
[GameId "2160767910281724"]
[EventDate "2009.01.07"]
[EventType "tourn"]
[EventRounds "5"]
[EventCountry "CAN"]
[SourceTitle "EXT 2011"]
[Source "ChessBase"]
[SourceDate "2011.11.26"]
[SourceVersion "1"]
[SourceVersionDate "2011.11.26"]
[SourceQuality "1"]

1. e4 e5 2. Nf3 Nc6 3. Bc4 Bc5 4. O-O Nf6 5. d4 Bxd4 6. Nxd4 Nxd4 7. f4 Nc6 8. Bxf7+ Kxf7 9. fxe5 Nxe5 10. Qd5+ Kf8 11. Qxe5 d6 12. Qg3 h6 13. Nc3 Be6 14. Be3 Bf7 15. e5 dxe5 16. Qxe5 Kg8 17. Rae1 Kh7 18. Ne4 Nd7 19. Qg3 Bg6 20. Bd4 Re8 21. h4 Nf8 22. Bxg7 Kxg7 23. Qc3+ Kg8 24. Nf6+ Qxf6 25. Qxf6 Rxe1 26. Rxe1 Re8 27. Rf1 h5 28. Qg5 Kh7 29. Qc5 Ne6 30. Qxa7 b6 31. c3 Rd8 32. Re1 Bf5 33. Qa3 Rd7 34. Qb3 Nc5 35. Qb5 Kg6 36. Qc6+ Kg7 37. b4 Nd3 38. Qxd7+ Bxd7 39. Re7+ Kf6 40. Rxd7 Nc1 41. Rd2 Ke5 42. Kf1 Ke4 43. Ke1 Nd3+ 44. Rxd3 Kxd3 45. g4 hxg4 46. h5 Kxc3 47. h6 Kxb4 48. h7 Ka3 49. h8=Q Kxa2 50. Qc3 1-0

[Event "Montreal Mercredi 01"]
[Site "Montreal CAN"]
[Date "2009.01.28"]
[Round "4"]
[White "Leutschaft, Martin"]
[Black "Panayotov, Ivo"]
[Result "1-0"]
[WhiteElo "2120"]
[BlackElo "1970"]
[PlyCount "99"]
[GameId "2160767910281725"]
[EventDate "2009.01.07"]
[EventType "tourn"]
[EventRounds "5"]
[EventCountry "CAN"]
[SourceTitle "EXT 2011"]
[Source "ChessBase"]
[SourceDate "2011.11.26"]
[SourceVersion "1"]
[SourceVersionDate "2011.11.26"]
[SourceQuality "1"]

1. c3 Nf6 2. Nf3 g6 3. d4 Bg7 4. Nbd2 d5 5. g3 O-O 6. Bg2 Nbd7 7. O-O c5 8. e3 b6 9. Qa4 Bb7 10. Re1 Qc7 11. Qc2 Rfe8 12. a4 e5 13. Nxe5 Nxe5 14. dxe5 Rxe5 15. Nf3 Ree8 16. Bd2 Bc8 17. Rec1 Bf5 18. Qd1 Be4 19. Ne1 h5 20. Bh3 Qe5 21. Nf3 Bxf3 22. Qxf3 Ne4 23. Qe2 f5 24. Be1 Kh7 25. Bg2 Qc7 26. Rd1 Red8 27. a5 Qc6 28. axb6 axb6 29. Rxa8 Rxa8 30. Qd3 Ra2 31. Qxd5 Qxd5 32. Rxd5 Nf6 33. Rd2 Ne4 34. Bxe4 fxe4 35. Kf1 Kh6 36. f3 exf3 37. Kf2 b5 38. Kxf3 b4 39. cxb4 cxb4 40. b3 Bc3 41. Rxa2 Bxe1 42. e4 Bc3 43. h4 Kg7 44. Kf4 Kf6 45. Ra6+ Kf7 46. e5 Bd2+ 47. Ke4 Be1 48. Rf6+ Kg7 49. Rf3 Bc3 50. Kd5 1-0

[Event "Montreal Mercredi 01"]
[Site "Montreal CAN"]
[Date "2009.01.28"]
[Round "4"]
[White "Morin, Louis"]
[Black "Tremblay, Sigfrid"]
[Result "1-0"]
[WhiteElo "1905"]
[BlackElo "1879"]
[PlyCount "207"]
[GameId "2160767910281726"]
[EventDate "2009.01.07"]
[EventType "tourn"]
[EventRounds "5"]
[EventCountry "CAN"]
[SourceTitle "EXT 2011"]
[Source "ChessBase"]
[SourceDate "2011.11.26"]
[SourceVersion "1"]
[SourceVersionDate "2011.11.26"]
[SourceQuality "1"]

1. e4 d6 2. d4 Nf6 3. Nc3 g6 4. f4 Bg7 5. Nf3 c5 6. dxc5 Qa5 7. Bd3 Qxc5 8. Qe2 Bg4 9. Be3 Qa5 10. O-O O-O 11. h3 Bxf3 12. Qxf3 Nc6 13. Rad1 Nd7 14. e5 dxe5 15. Bxg6 fxg6 16. Rxd7 exf4 17. Bf2 Ne5 18. Qd5+ Qxd5 19. Rxd5 Nc4 20. Nd1 Nd6 21. Bd4 b6 22. Bxg7 Kxg7 23. Re5 Rae8 24. Rfe1 Nf5 25. R1e4 Rd8 26. Nf2 g5 27. Nd3 Rd6 28. h4 h6 29. hxg5 hxg5 30. Re1 Kf6 31. Nf2 Ne3 32. R5xe3 fxe3 33. Ne4+ Ke5 34. Nxd6 Kxd6 35. Rxe3 e5 36. Rd3+ Ke6 37. Rg3 Rf5 38. Ra3 Rf7 39. Rg3 Rc7 40. c3 Kf5 41. Kf2 g4 42. Rd3 Kf4 43. g3+ Ke4 44. Re3+ Kf5 45. Rd3 Rh7 46. Kg2 Ke4 47. Rd1 Rf7 48. Re1+ Kd5 49. Rd1+ Ke6 50. Rd8 Kf5 51. Rd1 Ke4 52. Re1+ Kd5 53. Rd1+ Kc4 54. Rd8 e4 55. Rd4+ Kc5 56. Rxe4 Rg7 57. Rd4 a5 58. a4 Rg6 59. b3 b5 60. axb5 Kxb5 61. Rd5+ Kb6 62. c4 Rf6 63. Rb5+ Ka6 64. b4 axb4 65. Rxb4 Rg6 66. c5 Rg5 67. Rc4 Kb5 68. Rc1 Rxc5 69. Rb1+ Kc6 70. Rb4 Rg5 71. Kf2 Kc5 72. Ra4 Rg7 73. Ke3 Kd5 74. Kf4 Ke6 75. Ra6+ Kd5 76. Rh6 Rg8 77. Kf5 Rf8+ 78. Kxg4 Ke4 79. Rg6 Rh8 80. Kg5 Ke5 81. g4 Rh1 82. Rh6 Rf1 83. Kg6 Ke6 84. Kg7+ Ke7 85. g5 Rf7+ 86. Kg6 Rf1 87. Rh7+ Kf8 88. Ra7 Rf2 89. Ra8+ Ke7 90. Kg7 Rf7+ 91. Kg8 Rf1 92. g6 Rd1 93. g7 Rc1 94. Ra7+ Ke6 95. Ra6+ Ke7 96. Rg6 Rh1 97. Rg2 Ra1 98. Re2+ Kf6 99. Rf2+ Ke7 100. Rf4 Ra2 101. Rh4 Kf6 102. Kh8 Kg5 103. g8=Q+ Kxh4 104. Qxa2 1-0

[Event "Montreal Mercredi 01"]
[Site "Montreal CAN"]
[Date "2009.01.28"]
[Round "4"]
[White "Pregent, Daniel"]
[Black "Poschmann, Jeremie"]
[Result "1-0"]
[WhiteElo "1749"]
[BlackElo "1821"]
[PlyCount "129"]
[GameId "2160767910281727"]
[EventDate "2009.01.07"]
[EventType "tourn"]
[EventRounds "5"]
[EventCountry "CAN"]
[SourceTitle "EXT 2011"]
[Source "ChessBase"]
[SourceDate "2011.11.26"]
[SourceVersion "1"]
[SourceVersionDate "2011.11.26"]
[SourceQuality "1"]

1. d4 Nf6 2. Nf3 e6 3. c4 c5 4. d5 exd5 5. cxd5 d6 6. Nc3 g6 7. h3 Bg7 8. Bg5 O-O 9. e3 a6 10. a4 Re8 11. Be2 Qb6 12. Qd2 Bf5 13. O-O Ne4 14. Nxe4 Bxe4 15. Ra2 Qb3 16. Ra3 Qxd5 17. Rd1 Qxd2 18. Rxd2 h6 19. Bf4 d5 20. Rb3 c4 21. Rxb7 Nc6 22. Ne1 Na5 23. Rd7 Nb3 24. Rd1 g5 25. Bc7 Bxb2 26. f3 Bg6 27. R7xd5 c3 28. e4 Rac8 29. Rd8 Rexd8 30. Rxd8+ Rxd8 31. Bxd8 Nd4 32. Bd3 Kg7 33. Nc2 Nxc2 34. Bxc2 f6 35. Kf2 Bf7 36. Ke3 Bc4 37. g3 h5 38. h4 gxh4 39. gxh4 Kf7 40. Kd4 Be2 41. f4 Bc1 42. Bb3+ Kg7 43. e5 fxe5+ 44. fxe5 Bb2 45. Bc2 Kf7 46. Ba5 Bd1 47. Kd3 Bxc2+ 48. Kxc2 Ke6 49. Bxc3 Bxc3 50. Kxc3 Kxe5 51. Kb4 Kf4 52. Ka5 Kg4 53. Kxa6 Kxh4 54. Kb6 Kg3 55. a5 h4 56. a6 h3 57. a7 Kg2 58. a8=Q+ Kg1 59. Qa1+ Kg2 60. Qb2+ Kh1 61. Qf6 Kg2 62. Qg5+ Kh1 63. Qf4 Kg2 64. Qg4+ Kh2 65. Qf3 1-0

[Event "Montreal Mercredi 01"]
[Site "Montreal CAN"]
[Date "2009.01.28"]
[Round "4"]
[White "Serra, Luc"]
[Black "Turcotte, Jonathan"]
[Result "1-0"]
[WhiteElo "1747"]
[BlackElo "1743"]
[PlyCount "79"]
[GameId "2160767910281728"]
[EventDate "2009.01.07"]
[EventType "tourn"]
[EventRounds "5"]
[EventCountry "CAN"]
[SourceTitle "EXT 2011"]
[Source "ChessBase"]
[SourceDate "2011.11.26"]
[SourceVersion "1"]
[SourceVersionDate "2011.11.26"]
[SourceQuality "1"]

1. e4 d6 2. d4 Nf6 3. Nc3 g6 4. Nf3 c6 5. Bd3 Bg7 6. h3 O-O 7. a4 Nbd7 8. O-O e5 9. Be3 Qc7 10. dxe5 dxe5 11. Qb1 a5 12. Qa2 h6 13. Bc4 g5 14. Rad1 Nh5 15. Rd2 Nf4 16. Bb3 Nb6 17. Bc5 Nd7 18. Bxf8 Nxf8 19. Rfd1 N8e6 20. Ne2 Bf6 21. Ng3 Nc5 22. Rd6 Nfe6 23. Bc4 Be7 24. R6d2 Bf8 25. c3 Nf4 26. Rd8 Nce6 27. R8d2 Nc5 28. Ne1 h5 29. Qb1 Nxa4 30. Nd3 b5 31. Bb3 Nxd3 32. Qxd3 Nc5 33. Qc2 Nxb3 34. Qxb3 Be6 35. Qc2 h4 36. Nf5 a4 37. Qc1 Bb3 38. Rd7 Qb6 39. Qxg5+ Kh8 40. Qf6+ 1-0

[Event "Montreal Mercredi 01"]
[Site "Montreal CAN"]
[Date "2009.02.04"]
[Round "5"]
[White "Bergeron, Rene"]
[Black "Marquis, Gerald"]
[Result "0-1"]
[WhiteElo "1555"]
[BlackElo "1550"]
[PlyCount "60"]
[GameId "2160767910281729"]
[EventDate "2009.01.07"]
[EventType "tourn"]
[EventRounds "5"]
[EventCountry "CAN"]
[SourceTitle "EXT 2011"]
[Source "ChessBase"]
[SourceDate "2011.11.26"]
[SourceVersion "1"]
[SourceVersionDate "2011.11.26"]
[SourceQuality "1"]

1. e4 e5 2. Nf3 Nc6 3. Bc4 Nf6 4. Qe2 Bc5 5. c3 O-O 6. b4 Bb6 7. d3 d5 8. exd5 Nxd5 9. O-O f6 10. a4 a5 11. b5 Nce7 12. Be3 Kh8 13. Bxb6 Nxb6 14. Nbd2 Nxc4 15. Nxc4 Bf5 16. Rfd1 Nd5 17. Rac1 Nf4 18. Qe3 Qe8 19. d4 Nd5 20. Qd2 e4 21. Nh4 Bg4 22. Re1 Qh5 23. g3 g5 24. f3 exf3 25. Nxf3 Bxf3 26. Ne3 Nxe3 27. Rxe3 Rae8 28. Rf1 g4 29. c4 Rxe3 30. Re1 Rxe1+ 0-1

[Event "Montreal Mercredi 01"]
[Site "Montreal CAN"]
[Date "2009.02.04"]
[Round "5"]
[White "Cote, Etienne"]
[Black "Chesnut, Walter"]
[Result "1-0"]
[WhiteElo "1611"]
[BlackElo "1540"]
[PlyCount "127"]
[GameId "2160767910281730"]
[EventDate "2009.01.07"]
[EventType "tourn"]
[EventRounds "5"]
[EventCountry "CAN"]

1. e4 e5 2. Nf3 Nc6 3. Bb5 a6 4. Ba4 Nf6 5. O-O Be7 6. Re1 b5 7. Bb3 d6 8. c3 O-O 9. h3 Na5 10. Bc2 c5 11. d4 Qc7 12. Nbd2 Nc6 13. d5 Nd8 14. Nf1 Ne8 15. a4 Rb8 16. axb5 axb5 17. Ng3 g6 18. Qe2 f6 19. b4 Nf7 20. Bd3 Bd7 21. Be3 Ng7 22. bxc5 dxc5 23. Ra6 c4 24. Bc2 Ra8 25. Rea1 Rxa6 26. Rxa6 Rb8 27. Ne1 Bc5 28. Bb1 Nd6 29. Kh1 Qb7 30. Ra2 Bxe3 31. Qxe3 Qb6 32. Ra8 Qc7 33. Qa7 Qxa7 34. Rxa7 Rb7 35. Ra6 Nge8 36. Nc2 Kg7 37. Nb4 Nc8 38. Ne2 Nc7 39. Ra1 Ra7 40. Rxa7 Nxa7 41. f4 Nc8 42. Kg1 Nd6 43. Kf2 Na8 44. Bc2 Nb6 45. g4 Na4 46. Kf3 Nc5 47. h4 h5 48. gxh5 gxh5 49. f5 Na4 50. Ke3 Nf7 51. Kf2 Nc5 52. Ng3 Kh6 53. Ke3 Nd6 54. Bd1 Be8 55. Bc2 Na4 56. Kd2 Nc5 57. Kc1 Kg7 58. Kb2 Na4+ 59. Bxa4 bxa4 60. Ka3 Nb5+ 61. Kxa4 Nxc3+ 62. Ka5 Nb5 63. Nxh5+ Bxh5 64. Kxb5 1-0

[Event "Montreal Mercredi 01"]
[Site "Montreal CAN"]
[Date "2009.02.04"]
[Round "5"]
[White "Levkovsky, Alexandre"]
[Black "Morin, Louis"]
[Result "1-0"]
[WhiteElo "2094"]
[BlackElo "1905"]
[PlyCount "59"]
[GameId "2160767910281732"]
[EventDate "2009.01.07"]
[EventType "tourn"]
[EventRounds "5"]
[EventCountry "CAN"]
[SourceTitle "EXT 2011"]
[Source "ChessBase"]
[SourceDate "2011.11.26"]
[SourceVersion "1"]
[SourceVersionDate "2011.11.26"]
[SourceQuality "1"]

1. e4 e5 2. Nf3 d6 3. d4 Nf6 4. Nc3 Nbd7 5. Be2 Be7 6. O-O O-O 7. Re1 c6 8. h3 h6 9. Be3 Re8 10. Qd2 Bf8 11. d5 cxd5 12. exd5 Nc5 13. Bxc5 dxc5 14. Bb5 e4 15. Bxe8 exf3 16. Bb5 fxg2 17. Kxg2 Bxh3+ 18. Kxh3 Qc8+ 19. Kg2 Qg4+ 20. Kf1 a6 21. Bd3 Qf3 22. Qe3 Qh5 23. Qe5 Qh3+ 24. Kg1 Rd8 25. Qg3 Qd7 26. Qg2 Nh5 27. Re4 Bd6 28. Ne2 Bf8 29. c4 f5 30. Re6 1-0

[Event "Montreal Mercredi 01"]
[Site "Montreal CAN"]
[Date "2009.02.04"]
[Round "5"]
[White "Panayotov, Ivo"]
[Black "Giroux, Robert"]
[Result "1-0"]
[WhiteElo "1970"]
[BlackElo "1956"]
[PlyCount "137"]
[GameId "2160767910281733"]
[EventDate "2009.01.07"]
[EventType "tourn"]
[EventRounds "5"]
[EventCountry "CAN"]
[SourceTitle "EXT 2011"]
[Source "ChessBase"]
[SourceDate "2011.11.26"]
[SourceVersion "1"]
[SourceVersionDate "2011.11.26"]
[SourceQuality "1"]

1. c4 g6 2. Nf3 Bg7 3. g3 c5 4. Bg2 Nc6 5. O-O e5 6. Nc3 Nge7 7. d3 d6 8. Bg5 h6 9. Bxe7 Nxe7 10. Ne1 O-O 11. Nc2 Rb8 12. Ne3 Be6 13. Ned5 Nxd5 14. Bxd5 Bxd5 15. Nxd5 b5 16. Rb1 bxc4 17. dxc4 Qd7 18. e4 Kh7 19. Kg2 f5 20. f3 fxe4 21. fxe4 Rxf1 22. Qxf1 Qg4 23. Qf3 Qg5 24. Qe3 Qg4 25. b3 Rf8 26. Re1 h5 27. h3 Qd7 28. Qe2 a5 29. Nc3 h4 30. Rf1 Rxf1 31. Qxf1 Qd8 32. Qf2 hxg3 33. Qxg3 Bh6 34. Qg4 Bd2 35. Nd5 Be1 36. Kf1 Bh4 37. Ke2 Kg7 38. Ne3 Kh7 39. Ng2 Bg5 40. h4 Bh6 41. h5 Qf6 42. Nh4 gxh5 43. Qxh5 Qg7 44. Qf5+ Kg8 45. Kf3 Qf7 46. Kg4 Qxf5+ 47. Kxf5 Kf7 48. Nf3 Be3 49. Ne1 Ke7 50. Nd3 Bd4 51. Ne1 Bc3 52. Nc2 Bd4 53. Na3 Bf2 54. Nb5 Be1 55. Nc7 Bd2 56. Nd5+ Kd7 57. Kf6 Be1 58. Kf7 Bh4 59. Nf6+ Kc6 60. Ke6 Bxf6 61. Kxf6 Kb6 62. Ke6 Kc6 63. Ke7 Kc7 64. a4 Kc6 65. Kd8 d5 66. cxd5+ Kd6 67. Ke8 c4 68. bxc4 Kc5 69. Ke7 1-0

[Event "Montreal Mercredi 01"]
[Site "Montreal CAN"]
[Date "2009.02.04"]
[Round "5"]
[White "Sonn, Eric"]
[Black "Gauthier, Luc"]
[Result "0-1"]
[WhiteElo "1632"]
[BlackElo "1631"]
[PlyCount "82"]
[GameId "2160767910281734"]
[EventDate "2009.01.07"]
[EventType "tourn"]
[EventRounds "5"]
[EventCountry "CAN"]
[SourceTitle "EXT 2011"]
[Source "ChessBase"]
[SourceDate "2011.11.26"]
[SourceVersion "1"]
[SourceVersionDate "2011.11.26"]
[SourceQuality "1"]

1. c4 f5 2. Nc3 Nf6 3. d4 e6 4. Bg5 Be7 5. Nf3 O-O 6. e3 b6 7. Bd3 Bb7 8. O-O d6 9. Qc2 Nc6 10. a3 Qe8 11. d5 Ne5 12. Nxe5 dxe5 13. Bxf6 Rxf6 14. Rfd1 e4 15. Be2 a6 16. f4 exf3 17. Bxf3 Bc5 18. Re1 f4 19. Ne4 Bxe3+ 20. Rxe3 fxe3 21. Nxf6+ gxf6 22. Re1 exd5 23. cxd5 Qe5 24. Qd3 Rd8 25. Rxe3 Qxb2 26. Re7 Qc1+ 27. Kf2 Qc5+ 28. Qe3 Qxe3+ 29. Kxe3 Bxd5 30. Bxd5+ Rxd5 31. Rxc7 Ra5 32. Rc3 Ra4 33. Kd3 b5 34. Kc2 Kf7 35. Kb3 Kg6 36. Rg3+ Kf5 37. Rh3 Rg4 38. Rxh7 Rxg2 39. Kb4 Rg4+ 40. Kc5 Kg6 41. Ra7 Ra4 0-1

[Event "Montreal Mercredi 01"]
[Site "Montreal CAN"]
[Date "2009.02.04"]
[Round "5"]
[White "Turcotte, Jonathan"]
[Black "Dobrev, Martin"]
[Result "1-0"]
[WhiteElo "1743"]
[BlackElo "1848"]
[PlyCount "57"]
[GameId "2160767910281735"]
[EventDate "2009.01.07"]
[EventType "tourn"]
[EventRounds "5"]
[EventCountry "CAN"]
[SourceTitle "EXT 2011"]
[Source "ChessBase"]
[SourceDate "2011.11.26"]
[SourceVersion "1"]
[SourceVersionDate "2011.11.26"]
[SourceQuality "1"]

1. e4 c6 2. d4 d5 3. exd5 cxd5 4. c4 Nf6 5. Nc3 Be6 6. c5 Nc6 7. Nf3 g6 8. Bb5 Bg7 9. O-O O-O 10. Re1 Bg4 11. Bxc6 bxc6 12. h3 Bxf3 13. Qxf3 Rb8 14. Rb1 Nd7 15. Bf4 Bxd4 16. Bxb8 Qxb8 17. Rxe7 Ne5 18. Qg3 f5 19. Qh4 Nf3+ 20. gxf3 Bg7 21. Rbe1 h6 22. b4 g5 23. Rxg7+ Kxg7 24. Qd4+ Kg6 25. Re6+ Kh5 26. Qg7 Rh8 27. Qg6+ Kh4 28. Qxh6+ Rxh6 29. Rxh6# 1-0

[Event "Montreal Mercredi 02"]
[Site "Montreal CAN"]
[Date "2009.02.18"]
[Round "1"]
[White "Abra, Mohammed"]
[Black "Gauthier, Luc"]
[Result "0-1"]
[WhiteElo "1620"]
[BlackElo "1621"]
[PlyCount "114"]
[GameId "2160767910260653"]
[EventDate "2009.02.18"]
[EventType "tourn"]
[EventRounds "5"]
[EventCountry "CAN"]
[SourceTitle "EXT 2011"]
[Source "ChessBase"]
[SourceDate "2011.11.26"]
[SourceVersion "1"]
[SourceVersionDate "2011.11.26"]
[SourceQuality "1"]

1. e4 Nf6 2. Nc3 d5 3. exd5 Nxd5 4. Bc4 Nxc3 5. Qf3 e6 6. Qxc3 Nc6 7. Nf3 f6 8. O-O Bd6 9. Re1 e5 10. d4 Bb4 11. Qe3 Bxe1 12. dxe5 Bxf2+ 13. Kxf2 fxe5 14. Nxe5 Qh4+ 15. Kg1 Qd4 16. Qxd4 Nxd4 17. Bf7+ Kf8 18. Be3 Be6 19. Rf1 Ke7 20. Bxd4 Bxf7 21. Rxf7+ Ke6 22. Rxc7 Rac8 23. Rxc8 Rxc8 24. c3 Rf8 25. g3 Kd5 26. Kg2 Ke4 27. Kh3 g6 28. b4 b5 29. Nd7 Rf5 30. Nf6+ Kf3 31. g4 Rf4 32. Be5 Rc4 33. Bd4 Rc7 34. g5 a6 35. Ng4 Ke2 36. Kg3 Rf7 37. Nf6 Kd3 38. h4 Kc2 39. Kf4 Kb1 40. Ke4 Kxa2 41. Kd5 Re7 42. Be5 Kb3 43. Kd6 Rf7 44. Ke6 Ra7 45. Nd5 Kc4 46. Kd6 Ra8 47. Nc7 Ra7 48. Kc6 a5 49. Kb6 Rxc7 50. Kxc7 a4 51. Bf4 Kxc3 52. Kc6 Kxb4 53. Bd2+ Kc4 54. Kb6 b4 55. Ka5 a3 56. Bc1 Kb3 57. Kb5 a2 0-1

[Event "Montreal Mercredi 02"]
[Site "Montreal CAN"]
[Date "2009.02.18"]
[Round "1"]
[White "Baran, Marius"]
[Black "Luo, Zhao Yang"]
[Result "1/2-1/2"]
[WhiteElo "1654"]
[BlackElo "1650"]
[PlyCount "46"]
[GameId "2160767910260654"]
[EventDate "2009.02.18"]
[EventType "tourn"]
[EventRounds "5"]
[EventCountry "CAN"]
[SourceTitle "EXT 2011"]
[Source "ChessBase"]
[SourceDate "2011.11.26"]
[SourceVersion "1"]
[SourceVersionDate "2011.11.26"]
[SourceQuality "1"]

1. d4 Nf6 2. c4 g6 3. Nc3 Bg7 4. Nf3 d6 5. Bf4 O-O 6. e3 Nbd7 7. h3 Re8 8. Qc2 e5 9. Bh2 exd4 10. Nxd4 Nh5 11. Nf3 f5 12. O-O-O Nc5 13. b4 Ne4 14. Nxe4 fxe4 15. Nd4 a5 16. b5 Qe7 17. Rd2 Nf6 18. g4 Nd7 19. h4 Rf8 20. Bf4 Nf6 21. Rg1 Nd7 22. Bg5 Qe8 23. f4 h6 1/2-1/2

[Event "Montreal Mercredi 02"]
[Site "Montreal CAN"]
[Date "2009.02.18"]
[Round "1"]
[White "Forget, Luc"]
[Black "Levkovsky, Alexandre"]
[Result "0-1"]
[WhiteElo "2082"]
[BlackElo "2068"]
[PlyCount "58"]
[GameId "2160767910260655"]
[EventDate "2009.02.18"]
[EventType "tourn"]
[EventRounds "5"]
[EventCountry "CAN"]
[SourceTitle "EXT 2011"]
[Source "ChessBase"]
[SourceDate "2011.11.26"]
[SourceVersion "1"]
[SourceVersionDate "2011.11.26"]
[SourceQuality "1"]

1. d4 d5 2. c4 dxc4 3. Nf3 a6 4. g3 b5 5. Bg2 Bb7 6. O-O Nf6 7. a4 Nbd7 8. b3 cxb3 9. Nc3 b4 10. Qxb3 Rb8 11. Ng5 e6 12. Nce4 Bd5 13. Nxf6+ Nxf6 14. Bxd5 Qxd5 15. Qxd5 Nxd5 16. Ne4 f5 17. Ng5 Rb6 18. e4 fxe4 19. Re1 c5 20. dxc5 Bxc5 21. Rxe4 O-O 22. Be3 Bxe3 23. fxe3 b3 24. Rc4 Nxe3 25. Rc3 Nd5 26. Rc5 h6 27. Nxe6 Rxe6 28. Rxd5 b2 29. Rb1 Re2 0-1

[Event "Montreal Mercredi 02"]
[Site "Montreal CAN"]
[Date "2009.02.18"]
[Round "1"]
[White "Lamouche, Andre"]
[Black "Crezegut, Anthony"]
[Result "1/2-1/2"]
[WhiteElo "1707"]
[BlackElo "1713"]
[PlyCount "42"]
[GameId "2160767910260656"]
[EventDate "2009.02.18"]
[EventType "tourn"]
[EventRounds "5"]
[EventCountry "CAN"]
[SourceTitle "EXT 2011"]
[Source "ChessBase"]
[SourceDate "2011.11.26"]
[SourceVersion "1"]
[SourceVersionDate "2011.11.26"]
[SourceQuality "1"]

1. e4 d5 2. exd5 Qxd5 3. Nf3 Nf6 4. Nc3 Qd6 5. d4 a6 6. Be2 Nc6 7. Be3 Bf5 8. Qd2 O-O-O 9. O-O e5 10. dxe5 Nxe5 11. Qxd6 Bxd6 12. Nd4 Bg4 13. f3 Bd7 14. a3 Rhe8 15. Bf2 Nc6 16. Bc4 Nxd4 17. Bxd4 Be6 18. Bxe6+ Rxe6 19. Rad1 Be5 20. Bxe5 Rxd1 21. Rxd1 Rxe5 1/2-1/2

[Event "Montreal Mercredi 02"]
[Site "Montreal CAN"]
[Date "2009.02.18"]
[Round "1"]
[White "Landry, Martin"]
[Black "Phelippe, Yannic"]
[Result "1/2-1/2"]
[WhiteElo "1593"]
[BlackElo "1517"]
[PlyCount "124"]
[GameId "2160767910260657"]
[EventDate "2009.02.18"]
[EventType "tourn"]
[EventRounds "5"]
[EventCountry "CAN"]
[SourceTitle "EXT 2011"]
[Source "ChessBase"]
[SourceDate "2011.11.26"]
[SourceVersion "1"]
[SourceVersionDate "2011.11.26"]
[SourceQuality "1"]

1. d4 Nf6 2. c4 g6 3. Nc3 Bg7 4. e4 d6 5. f3 O-O 6. Be3 e5 7. d5 a5 8. c5 Nh5 9. cxd6 cxd6 10. Qd2 Qh4+ 11. Bf2 Qe7 12. Bc4 f5 13. Nge2 Nd7 14. O-O f4 15. Rac1 Kh8 16. Nb5 Nc5 17. b4 axb4 18. Qxb4 b6 19. Nbc3 Qg5 20. Kh1 Ba6 21. Nb5 Bxb5 22. Bxb5 Rxa2 23. Bc4 Raa8 24. Qxb6 Nxe4 25. fxe4 f3 26. Ng3 fxg2+ 27. Kxg2 Nxg3 28. hxg3 Rab8 29. Qe3 Qh5 30. Be2 Qh6 31. Qxh6 Bxh6 32. Rc7 Rb2 33. Bg4 Rf6 34. Rc8+ Kg7 35. Be6 Be3 36. Rg8+ Kh6 37. Bg4 Rbxf2+ 38. Rxf2 Bxf2 39. Be6 Bc5 40. Rh8 Rf2+ 41. Kh3 Kg7 42. Rg8+ Kf6 43. Rf8+ Kg5 44. Rxf2 Bxf2 45. Kg2 Bc5 46. Kf3 h5 47. Bf7 Kf6 48. Be8 Bd4 49. Kg2 Bb2 50. Kh3 Kg5 51. Bf7 Bc1 52. Be6 Bd2 53. Kg2 Be1 54. Kf3 h4 55. gxh4+ Bxh4 56. Bh3 Be1 57. Be6 Kh4 58. Bf7 g5 59. Be6 Bd2 60. Bg4 Bf4 61. Bf5 Kh5 62. Bh3 Kh4 1/2-1/2

[Event "Montreal Mercredi 02"]
[Site "Montreal CAN"]
[Date "2009.02.18"]
[Round "1"]
[White "Plante, Michel"]
[Black "Leutschaft, Martin"]
[Result "1-0"]
[WhiteElo "2094"]
[BlackElo "2158"]
[PlyCount "67"]
[GameId "2160767910260658"]
[EventDate "2009.02.18"]
[EventType "tourn"]
[EventRounds "5"]
[EventCountry "CAN"]
[SourceTitle "EXT 2011"]
[Source "ChessBase"]
[SourceDate "2011.11.26"]
[SourceVersion "1"]
[SourceVersionDate "2011.11.26"]
[SourceQuality "1"]

1. d4 d5 2. Nf3 Nf6 3. e3 g6 4. c4 Bg7 5. cxd5 O-O 6. Be2 Nxd5 7. e4 Nb6 8. a4 Bg4 9. a5 N6d7 10. h3 Bxf3 11. Bxf3 e5 12. d5 c6 13. Qb3 cxd5 14. exd5 e4 15. Be2 Nc5 16. Qb5 Nbd7 17. O-O a6 18. Qb4 Rc8 19. Nc3 Re8 20. Rd1 Bf8 21. d6 Nd3 22. Qxb7 N7c5 23. Qd5 Re5 24. Qa2 Bxd6 25. Be3 Nb4 26. Qb1 Nb3 27. Nxe4 Rxe4 28. Qxe4 Nxa1 29. Rxa1 Rc2 30. Bf3 Rxb2 31. Rd1 Qe7 32. Qa8+ Kg7 33. Bd4+ Be5 34. Qe4 1-0